000 00321nam a22001457a 4500
003 SGT
082 _a651.74,GUP
100 _aGUPTA,O.P
245 _aBUSINESS COMMUNICATION
250 _a1ST
260 _aNEW DELHI
_bS.CHAND
_c2007
300 _a307
650 _aOFFICE SERVICES, OFFICE COMMUNICATION
942 _2ddc
_cFCM
999 _c8911
_d8911